Cambio, creatividad e innovación: desafíos y respuestas (Registro nro. 11156)

Detalles MARC
000 -Cabecera
Campo de control de longitud fija 00941ntm a22003017a 4500
005 - Fecha y hora de la última transacción
Campo de control 20250814113839.0
008 - Elementos de longitud fija--Información general
Campo de control de longitud fija 180925b2013 xxu||||| |||| 00| 0 spa d
020 ## - International Standard Book Number
Número Internacional Estándar del Libro (ISBN) 9789506415716
041 ## - Idioma
Código de idioma Español
082 ## - Clasificación Decimal Dewey
Número de clasificación 658.409.2 O65c
100 ## - Entrada principal--Autor personal
Nombre personal Ordoñez, Ruben
9 (RLIN) 49846
245 ## - Título propiamente dicho
Título Cambio, creatividad e innovación: desafíos y respuestas
260 ## - Pie de imprenta
Lugar de publicación, distribución, etc. Argentina
260 ## - Pie de imprenta
Nombre del editor, distribuidor, etc. Granica
260 ## - Pie de imprenta
Fecha de publicación, distribución, etc. 2013
300 ## - Descripción física
Extensión 295 páginas
505 ## - Nota de contenido
Nota de contenido Parte I. El cambio como algo inevitable.<br/>Parte II. Resistencia e innovación: dos respuestas posibles al cambio.<br/>Parte III. El misterio de cómo impulsar la innovación.
650 ## - Materia general
Temática (materia general) LIDERAZGO EJECUTIVO
650 ## - Materia general
Temática (materia general) CAMBIO
650 ## - Materia general
Temática (materia general) DESAFÍOS DE LIDERAZGO
650 ## - Materia general
Temática (materia general) INDICADORES PARA MEDIR LA INNOVACIÓN
650 ## - Materia general
Temática (materia general) RESISTENCIA
650 ## - Materia general
Temática (materia general) INNOVACIÓN
650 ## - Materia general
Temática (materia general) CREATIVIDAD
650 ## - Materia general
Temática (materia general) NUEVOS PRODUCTOS
650 ## - Materia general
Temática (materia general) NEOMARKETING
942 ## - Punto de acceso adicional KOHA
Tipo de ítem KOHA Libro
Fuente del sistema de clasificación o colocación Dewey Decimal Classification
Existencias
Signatura completa Código de barras Programa Académico Tipo de ítem
658.409.2 O65c 23573 Dirección y Administración de Empresas Libro